000 00691cab a22001935a 4500
001 L143727
008 080507e20080523xxkd f 000 0 eng d
035 _a(Sirsi) u143727
041 0 _aeng
100 1 _aMorrison, Doug
245 0 2 _aA costly lesson
_bmarket watch 2008 part five
260 _c2008
490 0 _aProperty Week
_v73(21), 23 May 2008, 48-50(3)
520 _aLooks at the activities of sale-and-rent-back companies and how they are benefiting from the credit crunch. Suggests that sale-and-rent-back companies should now be regulated.
590 _aKA
651 4 _aUnited Kingdom
_y
690 _aPROPERTY-RESIDENTIAL PROPERTY-RESIDENTIAL PROPERTY MARKET
942 _n0
999 _c80259
_d80259